000 00647cam a22002413a 4500
001 22593
003 PGUSA
005 20140828083459.0
008 070913s2007||||xxu|||||s|||||000 | eng d
040 _aPGUSA
_beng
042 _adc
050 4 _aBF
100 1 _aGarland, Hamlin,
_d1860-1940
245 1 4 _aThe Shadow World
_h[electronic resource] /
_cHamlin Garland
260 _bProject Gutenberg,
_c2007
506 _aPublic domain in the USA.
516 _aElectronic text
653 _aParapsychology
653 _aSpiritualism
830 0 _aProject Gutenberg
_v22593
856 4 0 _uhttp://www.gutenberg.org/ebooks/22593
942 _cEB
999 _c251848
_d251848